| 000 | 02060cam a22004694i 4500 | ||
|---|---|---|---|
| 003 | PE-LiUPU | ||
| 005 | 20250731173130.0 | ||
| 008 | 150623s r 000 0 d | ||
| 020 | _a0802817912 | ||
| 035 | _a(Sirsi) i9780802817914 | ||
| 040 |
_aPE-LiUPU _bspa _cPE-LiUPU _erda |
||
| 049 | _aPRUA | ||
| 082 | 0 | 4 |
_a241 _bT47 _221 |
| 100 | 1 |
_aThielicke, Helmut, _d1908-, _eautor. |
|
| 245 | 1 | 0 |
_aTheological ethics. _n1 / _cHelmut Thielicke. |
| 264 | 1 |
_aGrand Rapids, Michigan : _bWilliam B. Eerdmans Publishing Company, _c1979. |
|
| 300 |
_a697 páginas ; _c21 centímetros |
||
| 336 |
_atext _2rdacontent |
||
| 337 |
_aunmediated _2rdamedia |
||
| 338 |
_avolume _2rdacarrier |
||
| 504 | _aIncluye bibliografía. | ||
| 505 | 0 | _aChristian ethics in the age of secularism: The challenge of secularism. The challenge of humanism. Dogmatics and ethics. The place of evangelical ethics between the two aeons.- The foundational principles of ethics: Justification and sanctification. The command of the creator and the law for the fallen world. The problem of norms: (1) conscience. The problem of norms: (2) natural law and the doctrine of the orders.- Man's relation to the world: The conflict situation as typical of man's ethical relation to the world. The borderline situation of extreme conflict. | |
| 526 | _aSEG42 | ||
| 526 | _aSEG41 | ||
| 526 | _aSEG40 | ||
| 526 | _aSEG39 | ||
| 526 | _aP94 | ||
| 526 | _aP87 | ||
| 526 | _aP86 | ||
| 526 | _aP85 | ||
| 526 | _aP77 | ||
| 526 | _aP76 | ||
| 526 | _aP35 | ||
| 650 | 1 | 4 |
_aCristianismo y política. _92463 |
| 650 | 2 | 4 |
_aEtica cristiana. _91047 |
| 942 |
_2ddc _cBOOK |
||
| 949 |
_a241 T47 1 _wDEWEY _c1 _i51593 _lCCODEBUL1 _mBUL _p7.00 _r0 _sY _tBOOK _u2015-6-24 _xTEOLOGIA _PP35 _0COMPRA _o.STAFF. Colección General |
||
| 994 |
_aC0 _bPEPRU |
||
| 596 | _a1 | ||
| 999 |
_a241 T47 1 _wDEWEY _c33324 _i51593 _f2021-11-10 _g5 _lCCODEBUL1 _mBUL _p7.00 _r0 _sY _tBOOK _u2015-6-24 _xTEOLOGIA _PP35 _0COMPRA _o.STAFF. Colección General _d33324 |
||
| 980 |
_81 _gALBERTO SANCHEZ Responsable de Automatización |
||